| 000 | 00813nam a2200241Ia 4500 | ||
|---|---|---|---|
| 003 | OSt | ||
| 005 | 20220923230215.0 | ||
| 006 | a|||||r|||| 00| 0 | ||
| 007 | ta | ||
| 008 | 220922b |||||||| |||| 00| 0 hin d | ||
| 024 | _a278,349 | ||
| 037 | _cTextual | ||
| 040 |
_aARTS _cARTS _bhin |
||
| 041 |
_2hin _ahin |
||
| 082 | _aQ2:31(Y15), K6 | ||
| 100 | _aखरे, सुशीला | ||
| 245 | 0 | _aप्राचीन भारतीय संस्कृति में सरस्वती | |
| 246 | _aPrāchīn bhāratīya sanskṛuti mean sarasvatī | ||
| 260 |
_aवाराणसी _b काशी विश्वविद्यालय _c1966 |
||
| 300 |
_a86पृ. _ccm. |
||
| 942 |
_hQ2:31(Y15), K6 _cTEXL _2CC |
||
| 999 |
_c383255 _d383255 |
||